000 00389nam a2200145Ia 4500
008 090124s9999 xx 000 0 und d
082 _b35852
245 _a कोष (गूढकथा )
250 _a1
260 _bगाडगीळ कमल
_c2008
300 _a168
630 _a कोष (गूढकथा )
730 _a कोष (गूढकथा )
942 _cBOOK
999 _c201000
_d201000